| 000 | 00575nam a2200181 4500 | ||
|---|---|---|---|
| 001 | 143817 | ||
| 003 | ES-MaACL | ||
| 005 | 20230906200900.0 | ||
| 007 | t| | ||
| 008 | 070214s1968 sp r ||||1| spa d | ||
| 100 | 1 |
_aShepherd, J. _9106088 |
|
| 245 | 1 | 0 |
_aCurso básico de ingeniería eléctrica _b: (teoría y problemas) / _cJ. Shepherd ; versión de Carlos Quintana Francia. |
| 250 | _a1ª. ed. | ||
| 260 |
_aBarcelona : _bMontesó, _c1968. |
||
| 300 |
_a495 p. : _bil. ; _c22 cm. |
||
| 700 | 1 |
_aQuintana Francia, Carlos. _994686 |
|
| 852 |
_aES-MaACL _jC-34594 _bR.67018 |
||
| 999 |
_c143817 _d143817 |
||